000 00321nam a22001337a 4500
008 170712b xxu||||| |||| 00| 0 eng d
020 _a9780399516955
041 _aeng
080 _a038
100 _a23
101 _aFJA
245 _aTHE PERUGEE VISUAL DICTIONARY OF SIGNING
_cBUTTERWORTH.R
942 _2udc
_cBK
999 _c20345
_d20345